[Event "GER HS-184 email"]
[Site "GER email"]
[Date "2015.04.05"]
[Round "?"]
[White "Dorr, Joerg"]
[Black "Schulz, Rene"]
[Result "0-1"]
[WhiteElo "1758"]
[BlackElo "1883"]
[PlyCount "114"]
[EventDate "2015.04.16"]
[EventType "tourn (corr)"]
[EventRounds "6"]
[EventCountry "GER"]
[SourceTitle "Corr 2020"]
[Source "ChessBase"]
[SourceDate "2019.09.30"]
[SourceVersion "1"]
[SourceVersionDate "2019.09.30"]
[SourceQuality "1"]

1. d4 d5 2. c4 e6 3. Nc3 Nf6 4. Nf3 Be7 5. Bf4 0-0 6. e3 Nbd7 7. c5 Nh5 8. Bd3 Nxf4 9. exf4 b6 10. b4 a5 11. a3 c6 12. 0-0 Qc7 13. g3 Ba6 14. Bxa6 Rxa6 15. Qe2 Ra7 16. Rfc1 g6 17. cxb6 Qxb6 18. Na4 Qb5 19. Qxb5 cxb5 20. Nc5 Nb6 21. Ne5 Rc8 22. Ncd3 Nc4 23. a4 axb4 24. axb5 Rxa1 25. Rxa1 Nxe5 26. Nxe5 Bd6 27. Nc6 Rc7 28. Na5 Ra7 29. Kf1 Bc7 30. Nb3 Rb7 31. Rc1 Bb8 32. Rc6 Rxb5 33. Ke2 Kf8 34. Kd3 Ke7 35. Ra6 Bd6 36. Ra7+ Kf6 37. Kc2 h6 38. Ra6 Be7 39. Na5 g5 40. fxg5+ hxg5 41. h3 Kg7 42. Kb3 Bf6 43. Nc6 Rb7 44. Ra2 Rb6 45. Rc2 Kg6 46. f3 Kh5 47. Rc1 Bg7 48. Rc2 Rb7 49. f4 gxf4 50. gxf4 Bf6 51. Ne5 Kh4 52. Rc1 Kxh3 53. Rg1 Rc7 54. Kxb4 Bxe5 55. fxe5 Rc4+ 56. Kb5 Rxd4 57. Kc5 Rf4 0-1

[Event "GER HS-184 email"]
[Site "GER email"]
[Date "2015.04.05"]
[Round "?"]
[White "Schmielewski, Frank"]
[Black "Dorr, Joerg"]
[Result "1-0"]
[WhiteElo "1742"]
[BlackElo "1758"]
[PlyCount "119"]
[EventDate "2015.04.16"]
[EventType "tourn (corr)"]
[EventRounds "6"]
[EventCountry "GER"]
[SourceTitle "Corr 2020"]
[Source "ChessBase"]
[SourceDate "2019.09.30"]
[SourceVersion "1"]
[SourceVersionDate "2019.09.30"]
[SourceQuality "1"]

1. e4 c5 2. Nf3 Nc6 3. d4 cxd4 4. Nxd4 Nf6 5. Nc3 e5 6. Ndb5 d6 7. Nd5 Nxd5 8. exd5 Nb8 9. c4 a6 10. Qa4 Nd7 11. c5 Rb8 12. Nxd6+ Bxd6 13. cxd6 0-0 14. Qa3 b5 15. Be2 b4 16. Qg3 Nc5 17. Bh6 Qf6 18. Be3 Qxd6 19. Rc1 Ne4 20. Qh4 Qxd5 21. 0-0 Bf5 22. Rfd1 Qxa2 23. Bd3 Nd6 24. Bc5 Bxd3 25. Bxd6 e4 26. Qf4 Rbd8 27. Bxf8 Rxf8 28. Qe5 Qa4 29. Re1 h6 30. Rc7 b3 31. Qc3 Bc2 32. Ra7 Rd8 33. h4 Qd4 34. Qxd4 Rxd4 35. Rxa6 g6 36. Rea1 Rd2 37. Rb6 Kg7 38. Ra7 Rd1+ 39. Kh2 Rb1 40. Rbb7 Kf6 41. Rxf7+ Ke6 42. Rh7 e3 43. Rae7+ Kd5 44. Rd7+ Kc6 45. fxe3 Rxb2 46. Rc7+ Kd6 47. Rhd7+ Ke6 48. Rd4 Rb1 49. Rc3 Re1 50. Rb4 Rd1 51. Kg3 Ke5 52. Kf3 Rf1+ 53. Ke2 Rg1 54. Kf2 Rd1 55. Rc8 Rd2+ 56. Kg3 Ke6 57. e4 Kf6 58. Kf3 Rd6 59. Rc5 Re6 60. Ke3 1-0

[Event "GER-Cup25 E/V02 email"]
[Site "GER email"]
[Date "2015.03.07"]
[Round "?"]
[White "Hoehne, Ernst"]
[Black "Dorr, Joerg"]
[Result "1-0"]
[WhiteElo "2022"]
[BlackElo "1758"]
[PlyCount "87"]
[EventDate "2015.03.18"]
[EventType "tourn (corr)"]
[EventRounds "4"]
[EventCountry "GER"]
[SourceTitle "Corr 2020"]
[Source "ChessBase"]
[SourceDate "2019.09.30"]
[SourceVersion "1"]
[SourceVersionDate "2019.09.30"]
[SourceQuality "1"]

1. e4 e5 2. Nf3 Nc6 3. Bb5 a6 4. Ba4 Nf6 5. 0-0 Nxe4 6. d4 b5 7. Bb3 d5 8. dxe5 Be6 9. c3 Bc5 10. Nbd2 0-0 11. Bc2 Bf5 12. Nb3 Bg6 13. Nxc5 Nxc5 14. Bxg6 hxg6 15. Bf4 Ne6 16. Bg3 d4 17. cxd4 Ncxd4 18. Nxd4 Qxd4 19. Qxd4 Nxd4 20. Rfd1 c5 21. Rd2 Rfd8 22. Rad1 Ne6 23. Kf1 Kf8 24. f3 Rxd2 25. Rxd2 Rd8 26. Rxd8+ Nxd8 27. Ke2 Ke8 28. Ke3 Kd7 29. Ke4 Kc6 30. b3 Ne6 31. h4 Nd4 32. Be1 b4 33. Bxb4 Nxb3 34. axb3 cxb4 35. g4 Kc5 36. f4 a5 37. Kd3 Kd5 38. Ke3 Kc5 39. f5 gxf5 40. gxf5 Kd5 41. e6 fxe6 42. f6 gxf6 43. h5 a4 44. Kd2 1-0

[Event "GER S2G2 enginefrei email"]
[Site "GER email"]
[Date "2014.03.08"]
[Round "?"]
[White "Landeck, Gerhard"]
[Black "Dorr, Joerg"]
[Result "0-1"]
[WhiteElo "1559"]
[BlackElo "1758"]
[PlyCount "46"]
[EventDate "2014.03.14"]
[EventType "tourn (corr)"]
[EventRounds "6"]
[EventCountry "GER"]
[SourceTitle "Corr 2020"]
[Source "ChessBase"]
[SourceDate "2019.09.30"]
[SourceVersion "1"]
[SourceVersionDate "2019.09.30"]
[SourceQuality "1"]

1. e4 e5 2. Nf3 Nc6 3. Bb5 Nf6 4. Qe2 Bc5 5. 0-0 0-0 6. c3 Re8 7. Rd1 Bb6 8. d4 exd4 9. cxd4 Nxe4 10. Qc2 Qf6 11. Be3 a6 12. Bc4 d5 13. Bb3 Bg4 14. Qe2 Nxd4 15. Bxd4 Bxd4 16. Rxd4 Ng3 17. Qxe8+ Rxe8 18. Nc3 Bxf3 19. Rd2 Ne2+ 20. Nxe2 Rxe2 21. Rd3 Be4 22. Rg3 Qxf2+ 23. Kh1 Re1+ 0-1

[Event "GER Server Cup12 final email"]
[Site "GER email"]
[Date "2013.07.25"]
[Round "?"]
[White "Dorr, Joerg"]
[Black "Stevens, Michael"]
[Result "0-1"]
[WhiteElo "1778"]
[BlackElo "1536"]
[PlyCount "62"]
[EventDate "2013.08.01"]
[EventType "tourn (corr)"]
[EventRounds "5"]
[EventCountry "GER"]
[SourceTitle "Corr 2015"]
[Source "ChessBase"]
[SourceDate "2015.07.17"]
[SourceVersion "1"]
[SourceVersionDate "2015.07.17"]
[SourceQuality "1"]

1. d4 Nf6 2. c4 e6 3. Nc3 b6 4. e4 Bb7 5. Bd3 d5 6. cxd5 exd5 7. e5 Ne4 8. Nge2 Be7 9. 0-0 0-0 10. Qc2 Nc6 11. a3 Nxc3 12. Qxc3 Qd7 13. Bb5 a6 14. Ba4 f6 15. Nf4 fxe5 16. dxe5 d4 17. Qg3 Kh8 18. Re1 d3 19. Bd2 b5 20. Bc3 Qf5 21. e6 Bf6 22. e7 Rfe8 23. Bb3 Bxc3 24. Be6 Qf6 25. Nd5 d2 26. Re3 Bxb2 27. Rd1 Qd4 28. Bf7 Ne5 29. Bxe8 Rxe8 30. Rf3 Nxf3+ 31. Qxf3 Kg8 0-1

[Event "GER Server Cup12 final email"]
[Site "GER email"]
[Date "2013.07.25"]
[Round "?"]
[White "Rahde, Frank"]
[Black "Dorr, Joerg"]
[Result "1-0"]
[WhiteElo "1937"]
[BlackElo "1778"]
[PlyCount "53"]
[EventDate "2013.08.01"]
[EventType "tourn (corr)"]
[EventRounds "5"]
[EventCountry "GER"]
[SourceTitle "Corr 2015"]
[Source "ChessBase"]
[SourceDate "2015.07.17"]
[SourceVersion "1"]
[SourceVersionDate "2015.07.17"]
[SourceQuality "1"]

1. c4 c5 2. Nc3 Nf6 3. e4 Nc6 4. g3 e6 5. f4 d5 6. e5 d4 7. Nb1 Nd7 8. d3 Be7 9. Nf3 Qa5+ 10. Nbd2 Nf8 11. Bg2 Bd7 12. 0-0 Qc7 13. a3 h5 14. b4 cxb4 15. axb4 Bxb4 16. Ne4 b6 17. Qb3 Bc5 18. Nd6+ Bxd6 19. exd6 Qxd6 20. Ba3 Qc7 21. Rfe1 Rb8 22. Ng5 Ne7 23. Ne4 Nc8 24. Qb2 Bc6 25. Qxd4 f6 26. Nd6+ Nxd6 27. Bxd6 1-0

[Event "GER HS-147 email"]
[Site "GER email"]
[Date "2013.04.23"]
[Round "?"]
[White "Granz, Thomas"]
[Black "Dorr, Joerg"]
[Result "1/2-1/2"]
[WhiteElo "1871"]
[BlackElo "1740"]
[PlyCount "95"]
[EventDate "2013.05.01"]
[EventType "tourn (corr)"]
[EventRounds "6"]
[EventCountry "GER"]
[SourceTitle "Corr 2015"]
[Source "ChessBase"]
[SourceDate "2015.07.17"]
[SourceVersion "1"]
[SourceVersionDate "2015.07.17"]
[SourceQuality "1"]

1. d4 Nf6 2. c4 e6 3. Nf3 b6 4. Nc3 Bb4 5. Bd2 Bb7 6. e3 0-0 7. Bd3 d5 8. 0-0 dxc4 9. Bxc4 Nbd7 10. Rc1 c5 11. Qe2 Qe7 12. a3 Bxc3 13. Bxc3 Ne4 14. Ba6 Nxc3 15. bxc3 Be4 16. Bd3 Bxd3 17. Qxd3 Rfd8 18. Rfe1 Rac8 19. c4 cxd4 20. exd4 Qd6 21. Qb3 Rc7 22. Rc2 Nf8 23. Qb4 Ng6 24. Qxd6 Rxd6 25. h3 Ne7 26. Kf1 h6 27. g3 Nf5 28. Rd1 f6 29. g4 Ne7 30. Rdc1 Kf7 31. Ke2 g5 32. Ke3 Rd8 33. Ng1 Rcd7 34. Ne2 h5 35. f3 hxg4 36. hxg4 Rh8 37. Rg1 Rh3 38. Kf2 Nc6 39. Kg2 Rh8 40. Rd1 Rhd8 41. c5 b5 42. Rh1 Kg6 43. Kg3 f5 44. gxf5+ exf5 45. Rd1 a6 46. Rcd2 f4+ 47. Kf2 Rd5 48. Kg2 1/2-1/2

[Event "Bad Harzburg op 13th"]
[Site "Bad Harzburg"]
[Date "2012.11.01"]
[Round "5"]
[White "Dorr, Joerg"]
[Black "Just, Joachim"]
[Result "0-1"]
[WhiteElo "1731"]
[BlackElo "2021"]
[PlyCount "72"]
[EventDate "2012.10.30"]
[EventType "swiss"]
[EventRounds "8"]
[EventCountry "GER"]
[SourceTitle "EXT 2014"]
[Source "ChessBase"]
[SourceDate "2013.11.20"]
[SourceVersion "1"]
[SourceVersionDate "2013.11.20"]
[SourceQuality "1"]

1. d4 e6 2. c4 f5 3. Nc3 Nf6 4. Nf3 Bb4 5. Qc2 b6 6. Nd2 Bb7 7. f3 0-0 8. e3 Nc6 9. a3 Bxc3 10. Qxc3 a5 11. b3 Qe7 12. Bb2 Rae8 13. Bd3 Nd8 14. 0-0-0 d6 15. Rhg1 Nd7 16. Qc2 Nf6 17. h3 Nf7 18. f4 d5 19. g4 Ne4 20. Bxe4 fxe4 21. Kb1 Nd6 22. Nf1 Ba6 23. Nd2 a4 24. b4 Bxc4 25. Qxa4 Ra8 26. Qc6 Bb5 27. Qc3 Bd3+ 28. Kc1 Ra4 29. Rg2 Rfa8 30. Nb1 Bxb1 31. Kxb1 Nc4 32. Qe1 Nxa3+ 33. Bxa3 Rxa3 34. Rb2 Qd7 35. Rc1 Qb5 36. Rc3 Ra1+ 0-1

[Event "Remote S5E No Engine Gros.1 email"]
[Site "Remote email"]
[Date "2012.10.15"]
[Round "?"]
[White "Dorr, Joerg"]
[Black "Pieleck, Rudolf"]
[Result "1-0"]
[WhiteElo "2034"]
[BlackElo "1657"]
[PlyCount "65"]
[EventDate "2012.??.??"]
[EventType "tourn (corr)"]
[EventRounds "12"]
[EventCountry "GER"]
[SourceTitle "Corr 2015"]
[Source "ChessBase"]
[SourceDate "2015.07.17"]
[SourceVersion "1"]
[SourceVersionDate "2015.07.17"]
[SourceQuality "1"]

1. e4 e6 2. d4 d5 3. Nc3 Bb4 4. e5 Bxc3+ 5. bxc3 c5 6. Qg4 g6 7. h4 h5 8. Qf4 f5 9. Nh3 c4 10. Be2 Ne7 11. 0-0 Nbc6 12. Qg3 Qa5 13. Bg5 Bd7 14. Nf4 b5 15. Bxe7 Nxe7 16. Nxg6 Rg8 17. Bxh5 Nxg6 18. Bxg6+ Kd8 19. h5 Kc7 20. Qe3 Be8 21. Bxe8 Rgxe8 22. f3 Rh8 23. h6 Raf8 24. Qg5 Kc6 25. Qe7 Re8 26. Qd6+ Kb7 27. Rfb1 Qb6 28. Qd7+ Ka8 29. Rxb5 Qa6 30. Rab1 Rb8 31. a4 Qc8 32. Rxb8+ Qxb8 33. Qc6+ 1-0

[Event "Remote S5E No Engine Gros.1 email"]
[Site "Remote email"]
[Date "2012.10.15"]
[Round "?"]
[White "Dorr, Joerg"]
[Black "Strohmeier, Josef"]
[Result "1-0"]
[WhiteElo "2034"]
[BlackElo "1900"]
[PlyCount "39"]
[EventDate "2012.??.??"]
[EventType "tourn (corr)"]
[EventRounds "12"]
[EventCountry "GER"]
[SourceTitle "Corr 2015"]
[Source "ChessBase"]
[SourceDate "2015.07.17"]
[SourceVersion "1"]
[SourceVersionDate "2015.07.17"]
[SourceQuality "1"]

1. e4 c5 2. Nf3 d6 3. d4 cxd4 4. Nxd4 Nf6 5. Nc3 a6 6. Bc4 e6 7. Bb3 Be7 8. 0-0 0-0 9. f4 Nbd7 10. f5 Nc5 11. fxe6 Nxe6 12. Nf5 Nc5 13. Qf3 Nxb3 14. axb3 Rb8 15. Nxe7+ Qxe7 16. Bg5 Be6 17. Qg3 b5 18. Bxf6 Qa7+ 19. Kh1 g6 20. Qf4 1-0

[Event "Remote S5E No Engine Gros.1 email"]
[Site "Remote email"]
[Date "2012.10.15"]
[Round "?"]
[White "Gottwald, Bernhard"]
[Black "Dorr, Joerg"]
[Result "0-1"]
[WhiteElo "1872"]
[BlackElo "2034"]
[PlyCount "68"]
[EventDate "2012.??.??"]
[EventType "tourn (corr)"]
[EventRounds "12"]
[EventCountry "GER"]
[SourceTitle "Corr 2015"]
[Source "ChessBase"]
[SourceDate "2015.07.17"]
[SourceVersion "1"]
[SourceVersionDate "2015.07.17"]
[SourceQuality "1"]

1. d4 Nf6 2. c4 e6 3. Nc3 Bb4 4. a3 Bxc3+ 5. bxc3 0-0 6. Nf3 b6 7. g3 Bb7 8. Bg2 d6 9. 0-0 Nbd7 10. Bg5 Qe8 11. Qc2 Ne4 12. Be3 f5 13. Nd2 Ndf6 14. f3 Nxd2 15. Qxd2 Qc6 16. Qd3 Ba6 17. d5 exd5 18. f4 Bxc4 19. Bxd5+ Bxd5 20. Bd4 Be4 21. Qd2 Qe8 22. c4 Qh5 23. e3 Qh3 24. Ra2 Rae8 25. Re1 Nh5 26. Qf2 Re6 27. Qf1 Qg4 28. Rf2 Rh6 29. Rg2 Qh3 30. Qf2 Re8 31. Re2 Ree6 32. g4 fxg4 33. Rg3 Nxg3 34. Qxg3 Qxg3+ 0-1

[Event "GER HS-129 email"]
[Site "GER email"]
[Date "2012.06.18"]
[Round "?"]
[White "Schatz, Dieter"]
[Black "Dorr, Joerg"]
[Result "1/2-1/2"]
[WhiteElo "1720"]
[BlackElo "1729"]
[PlyCount "90"]
[EventDate "2012.06.25"]
[EventType "tourn (corr)"]
[EventRounds "6"]
[EventCountry "GER"]
[SourceTitle "Corr 2015"]
[Source "ChessBase"]
[SourceDate "2015.07.17"]
[SourceVersion "1"]
[SourceVersionDate "2015.07.17"]
[SourceQuality "1"]

1. e4 e5 2. Nf3 Nc6 3. c3 d5 4. Qa4 Bd7 5. exd5 Nd4 6. Qd1 Nxf3+ 7. Qxf3 Nf6 8. Bc4 e4 9. Qe2 Bd6 10. d4 h6 11. h3 0-0 12. Be3 a6 13. Nd2 Qe7 14. g4 c5 15. dxc5 Bxc5 16. Bb3 Rfe8 17. Bxc5 Qxc5 18. Qe3 Qxe3+ 19. fxe3 b5 20. Rf1 Re5 21. a4 bxa4 22. Bxa4 Rxd5 23. Rxf6 gxf6 24. Nxe4 Kg7 25. Bxd7 Rxd7 26. Ke2 Rb7 27. b4 Rb6 28. Ng3 Re8 29. Kf3 Rc6 30. Nf5+ Kg6 31. Ra3 Re5 32. Nd4 Rc4 33. Ke2 Re7 34. Kd2 Rec7 35. Rxa6 Rxc3 36. Ra5 R3c4 37. Rh5 f5 38. Nxf5 Rxb4 39. Rxh6+ Kg5 40. Rh8 Rb2+ 41. Kd3 Kf6 42. h4 Rg2 43. Rg8 Ke5 44. Nd4 Rc1 45. Nf3+ Kd5 1/2-1/2

[Event "GER S2G2 enginefrei email"]
[Site "GER email"]
[Date "2012.01.30"]
[Round "?"]
[White "Dorr, Joerg"]
[Black "Bocker, Marcus"]
[Result "1-0"]
[WhiteElo "1729"]
[BlackElo "1576"]
[PlyCount "53"]
[EventDate "2012.02.07"]
[EventType "tourn (corr)"]
[EventRounds "6"]
[EventCountry "GER"]
[SourceTitle "Corr 2015"]
[Source "ChessBase"]
[SourceDate "2015.07.17"]
[SourceVersion "1"]
[SourceVersionDate "2015.07.17"]
[SourceQuality "1"]

1. d4 Nf6 2. c4 e6 3. Nc3 Bb4 4. e3 Ne4 5. Qc2 d5 6. Bd3 Qf6 7. Bxe4 Bxc3+ 8. bxc3 dxe4 9. Qxe4 0-0 10. Nf3 Nc6 11. 0-0 a5 12. c5 Re8 13. Qc2 b6 14. cxb6 cxb6 15. e4 Ba6 16. Re1 Qg6 17. Bf4 b5 18. Rac1 Rac8 19. Qe2 Ra8 20. Qd1 b4 21. Qa4 Bb7 22. d5 exd5 23. exd5 Rxe1+ 24. Rxe1 Qd3 25. dxc6 Ba6 26. c7 Rc8 27. Qe8+ 1-0

[Event "GER-Cup10 E/V03 email"]
[Site "GER email"]
[Date "2011.10.11"]
[Round "?"]
[White "Dorr, Joerg"]
[Black "Bieker, Peter"]
[Result "0-1"]
[WhiteElo "1729"]
[BlackElo "1706"]
[PlyCount "44"]
[EventDate "2011.10.20"]
[EventType "tourn (corr)"]
[EventRounds "4"]
[EventCountry "GER"]
[SourceTitle "Corr 2015"]
[Source "ChessBase"]
[SourceDate "2015.07.17"]
[SourceVersion "1"]
[SourceVersionDate "2015.07.17"]
[SourceQuality "1"]
[WhiteTeam "Germany"]
[BlackTeam "Germany"]
[WhiteTeamCountry "GER"]
[BlackTeamCountry "GER"]

1. d4 d5 2. c4 e6 3. Nf3 Nf6 4. Nc3 Be7 5. e3 0-0 6. Bd3 dxc4 7. Bxc4 c5 8. 0-0 a6 9. a4 Nc6 10. h3 b6 11. d5 Na5 12. Ba2 exd5 13. Nxd5 Bb7 14. Nc3 b5 15. Qxd8 Rfxd8 16. Ng5 c4 17. axb5 axb5 18. Bb1 Nb3 19. Rxa8 Rxa8 20. Bc2 Nxc1 21. Rxc1 b4 22. Nb5 Ra5 0-1

[Event "GER HS-073 email"]
[Site "GER email"]
[Date "2010.02.26"]
[Round "?"]
[White "Dorr, Joerg"]
[Black "Keber, Ernst"]
[Result "1/2-1/2"]
[WhiteElo "1645"]
[BlackElo "1791"]
[PlyCount "68"]
[EventDate "2010.03.08"]
[EventType "tourn (corr)"]
[EventRounds "6"]
[EventCountry "GER"]
[SourceTitle "Corr 2013"]
[Source "ChessBase"]
[SourceDate "2012.11.12"]
[SourceVersion "1"]
[SourceVersionDate "2012.11.12"]
[SourceQuality "1"]

1. d4 d5 2. c4 dxc4 3. Nc3 e5 4. d5 c6 5. e4 Nf6 6. Bg5 Bb4 7. Nf3 cxd5 8. Qa4+ Nc6 9. 0-0-0 Bxc3 10. bxc3 Qa5 11. Qxa5 Nxa5 12. exd5 Ne4 13. Re1 Nxf2 14. Nxe5 0-0 15. Rg1 f6 16. Nxc4 Nxc4 17. Bh4 Bf5 18. Bxf2 Rac8 19. g4 Bg6 20. Rg3 Rfd8 21. Rd1 b6 22. Rd4 Ne5 23. Bg2 Rc5 24. a4 Kf8 25. Kb2 Bf7 26. Rd1 Ra5 27. Bd4 Re8 28. Ka3 Rc8 29. Bxe5 fxe5 30. Kb4 Ke7 31. c4 Kd6 32. Re3 Be8 33. Ra1 Bd7 34. h3 Rf8 1/2-1/2

[Event "GER HS-073 email"]
[Site "GER email"]
[Date "2010.02.26"]
[Round "?"]
[White "Dorr, Joerg"]
[Black "Vogel, Detlef"]
[Result "1/2-1/2"]
[WhiteElo "1645"]
[BlackElo "2084"]
[PlyCount "53"]
[EventDate "2010.03.08"]
[EventType "tourn (corr)"]
[EventRounds "6"]
[EventCountry "GER"]
[SourceTitle "Corr 2013"]
[Source "ChessBase"]
[SourceDate "2012.11.12"]
[SourceVersion "1"]
[SourceVersionDate "2012.11.12"]
[SourceQuality "1"]

1. d4 Nf6 2. c4 g6 3. Nc3 Bg7 4. e4 d6 5. Nf3 0-0 6. Be2 e5 7. 0-0 Nc6 8. d5 Ne7 9. b4 Nh5 10. Re1 f5 11. Ng5 Nf6 12. f3 c6 13. Be3 h6 14. Ne6 Bxe6 15. dxe6 Qc7 16. b5 Rfd8 17. Qa4 d5 18. cxd5 cxd5 19. Nxd5 Nexd5 20. exd5 Nxd5 21. Rac1 Qe7 22. Bf2 Nf4 23. Bc4 Kh7 24. Bg3 Nh5 25. Bf2 Nf4 26. Bg3 Nh5 27. Bf2 1/2-1/2

[Event "GER S4G3_2010 email"]
[Site "GER email"]
[Date "2010.01.27"]
[Round "?"]
[White "Dorr, Joerg"]
[Black "Schuster, Peter"]
[Result "1-0"]
[WhiteElo "1681"]
[BlackElo "1779"]
[PlyCount "47"]
[EventDate "2010.02.01"]
[EventType "tourn (corr)"]
[EventRounds "8"]
[EventCountry "GER"]
[SourceTitle "Corr 2013"]
[Source "ChessBase"]
[SourceDate "2012.11.12"]
[SourceVersion "1"]
[SourceVersionDate "2012.11.12"]
[SourceQuality "1"]

1. c4 e5 2. Nc3 c5 3. g3 d6 4. Bg2 Nf6 5. d3 g6 6. Nf3 Bg7 7. 0-0 0-0 8. Ng5 Nc6 9. e3 Bg4 10. Qb3 Qc7 11. Nge4 Na5 12. Nxf6+ Bxf6 13. Qa4 Nc6 14. h3 Rfe8 15. hxg4 Qd7 16. Nd5 Re6 17. Nxf6+ Kg7 18. Nxd7 Rd8 19. g5 Rxd7 20. Bh3 f5 21. gxf6+ Rxf6 22. Bxd7 Nb4 23. Qb3 Rf7 24. Ba4 1-0

[Event "GER S4G3_2010 email"]
[Site "GER email"]
[Date "2010.01.27"]
[Round "?"]
[White "Schuster, Peter"]
[Black "Dorr, Joerg"]
[Result "0-1"]
[WhiteElo "1779"]
[BlackElo "1681"]
[PlyCount "52"]
[EventDate "2010.02.01"]
[EventType "tourn (corr)"]
[EventRounds "8"]
[EventCountry "GER"]
[SourceTitle "Corr 2013"]
[Source "ChessBase"]
[SourceDate "2012.11.12"]
[SourceVersion "1"]
[SourceVersionDate "2012.11.12"]
[SourceQuality "1"]

1. e4 e6 2. d3 d5 3. e5 d4 4. Nf3 c5 5. Be2 Nc6 6. 0-0 Nge7 7. Bf4 Ng6 8. Bg5 Qc7 9. c3 Ngxe5 10. Nbd2 Bd6 11. Ne4 Nxf3+ 12. Bxf3 Bxh2+ 13. Kh1 h6 14. Bh4 Ne5 15. Bg3 Bxg3 16. fxg3 Nxf3 17. gxf3 0-0 18. cxd4 cxd4 19. Rc1 Qe7 20. Kg2 b6 21. Rc4 e5 22. Re1 Qe6 23. Qd2 Qh3+ 24. Kg1 Bb7 25. Re2 Bxe4 26. Rxe4 Qxg3+ 0-1

[Event "GER S4G3_2010 email"]
[Site "GER email"]
[Date "2010.01.27"]
[Round "?"]
[White "Voigt, Detlev"]
[Black "Dorr, Joerg"]
[Result "1-0"]
[WhiteElo "1506"]
[BlackElo "1681"]
[PlyCount "45"]
[EventDate "2010.02.01"]
[EventType "tourn (corr)"]
[EventRounds "8"]
[EventCountry "GER"]
[SourceTitle "Corr 2013"]
[Source "ChessBase"]
[SourceDate "2012.11.12"]
[SourceVersion "1"]
[SourceVersionDate "2012.11.12"]
[SourceQuality "1"]

1. d4 d5 2. c4 c6 3. Nf3 Nf6 4. Nc3 a6 5. c5 Bg4 6. Ne5 Bf5 7. f3 h6 8. e4 Be6 9. Be3 Nbd7 10. Nd3 dxe4 11. fxe4 Bc4 12. Be2 e6 13. 0-0 Bxd3 14. Bxd3 e5 15. Bc4 Be7 16. Bxf7+ Kxf7 17. dxe5 Qc7 18. exf6 Bxf6 19. Bf4 Ne5 20. Qh5+ Ke7 21. Kh1 Rhe8 22. Rad1 Rad8 23. Rd6 1-0